| 000 | 00902nas a2200301 4500 | ||
|---|---|---|---|
| 001 | BR2014000579 | ||
| 003 | BR-BrBNA | ||
| 005 | 20231205123637.0 | ||
| 007 | ta | ||
| 008 | 230509b bl.|||p| |||| 00| 00por d | ||
| 040 |
_aBR-BrBNA _bpor _cBiblioteca Nacional de Agricultura |
||
| 041 | _a(Pt) | ||
| 072 | _aF02; F30 | ||
| 100 | 1 | _aFernandes, D.A. | |
| 100 | 1 | _aAzevedo, P.H. de | |
| 100 | 1 | _aCosta, R.B. da | |
| 100 | 1 | _aBrondani, G.E. | |
| 245 | 1 | _aTipos de vedação e concentrações de sacarose no cultivo in vitro de Tectona grandis L.f. | |
| 650 | _aTECA | ||
| 650 | _aTECTONA GRANDIS | ||
| 650 | _aCULTURA IN VITRO | ||
| 650 | _aSACAROSE | ||
| 650 | _aCLONAGEM | ||
| 650 | _aMICROPROPAGAÇÃO | ||
| 773 | 0 |
_tRevista de Agricultura (Brazil) _xISSN 0034-7655 _g(Dec 2013), v. 88(3) p. 218-228 _wBR2014000579 |
|
| 909 |
_a202311 _bLúcia _c55 _dLúcia Elande |
||
| 942 |
_2AGRIS _n0 _cANA |
||
| 999 |
_c234959 _d234959 |
||